000 00620nam a2200193Ia 4500
003 GCL
008 140319s9999 xx 000 0 ara d
040 _aGCL /
_cGCL
082 0 4 _a418.02
_bج ك
100 1 _aجورج مدبك
245 1 0 _aكيف نترجم بحثا او رسالة من العربية الى الانجليزية /
_cجورج مدبك
260 _a[S.N] :
_bدار الراتب الجامعية
300 _a72 ص
490 _aصناعة الترجمة
_v0
650 0 4 _aاللغة العربية
650 0 4 _aالترجمة
650 0 4 _aاللغة الانجليزية
942 _2ddc
_cBK
999 _c46976
_d46976